Výškáč

Saved in:
Bibliographic Details
Main Author Vladimír, Zábrodský
Format Electronic eBook
LanguageCzech
Published Golden Dog 2025
Edition1. elektronické vydání
Subjects
Online AccessDostupné v BOOKPORT po přihlášení pomocí eduID
ISBN978-80-53027-34-2
978-80-53027-35-9
978-80-53027-33-5
Physical Description1 online zdroj (220 stran)

Cover

LEADER 00000nam a2200000 i 4500
001 bkp895033863
003 CZ-prgp
005 20260413161219.0
006 m o d
007 cr cn
008 260413s2025 xr o 000 1 cze
020 |a 978-80-53027-34-2  |c 249 Kč  |q (online ; pdf) 
020 |a 978-80-53027-35-9  |c 249 Kč  |q (online ; epub) 
020 |a 978-80-53027-33-5  |c 299 Kč  |q (print) 
040 |a Grada  |b cze  |e rda 
100 1 |a Vladimír, Zábrodský 
245 1 0 |a Výškáč  |c Zábrodský Vladimír 
250 |a 1. elektronické vydání 
264 1 |b Golden Dog  |c 2025 
300 |a 1 online zdroj (220 stran) 
336 |a text  |b txt  |2 rdacontent 
337 |a počítač  |b c  |2 rdamedia 
338 |a online zdroj  |b cr  |2 rdacarrier 
520 3 |a Co hrůzného přebývá v nejvyšší stavbě města, která je už celá léta opuštěná? Proč by měly k smrti děsit dveře krytu civilní obrany? Je nebezpečné obohatit se zorným úhlem někoho jiného? A k čemu všemu může vést definitivní vítězství nad strachem? Čtyři otázky - čtyři temně laděné příběhy. V téhle knize jich na vás čeká celkem třináct. Všechny spojuje atmosféra města Blanska a jeho okolí, genius loci jednoho obyčejného města. Možná právě tohle slovní spojení - obyčejného města - znepokojuje: mohly se odehrát kdekoliv, a když kdekoliv, tak i u vás. 
650 0 4 |a Horory 
856 4 0 |u https://www.bookport.cz/AccountSaml/SignIn/?idp=https://shibboleth.utb.cz/idp/shibboleth&returnUrl=/kniha/vyskac-15955/  |y Dostupné v BOOKPORT po přihlášení pomocí eduID